000 01014nas a2200325 4500
001 BR2011005943
003 BR-BrBNA
005 20231205115145.0
007 ta
008 230509b bl.|||p| |||| 00| 00por d
040 _aBR-BrBNA
_bpor
_cBiblioteca Nacional de Agricultura
041 _a(Pt)
072 _aL70
100 1 _aSouza, S.F. de
100 1 _aPadilha Filho, J.G.
100 1 _aMartins, V.M.V.
100 1 _aBelmonte, E. de A.
100 1 _aZanetti, N.M.
100 1 _aDias, L.G.G.G.
100 1 _aMaria, B.P.
100 1 _aAnai, L.A.
100 1 _aMiquelutti, D.J.
245 1 _aAspectos clínicos e concentração sérica da creatinina-quinase e lacto-desidrogenase em cães submetidos à fisioterapia após atrofia muscular induzida
650 _aCÃO
650 _aFISIOTERAPIA
650 _aMUSCULO
773 0 _tCiência Rural (Brazil)
_xISSN 0103-8478
_g(Jul 2011), v. 41(7) p. 1255-1261
_wBR2011005943
909 _a202311
_bLúcia
_c55
_dLúcia Elande
942 _2AGRIS
_n0
_cANA
999 _c212356
_d212356